Going global career guides. Switzerland

Detalles Bibliográficos
Formato: Electrónico Revista
Lenguaje:inglés
Publicado: Mobile, Alabama : Going Global
Materias:
Acceso en línea:Full text available from Research Library: 01/01/2004 to 01/31/2006

MARC

LEADER 00000nas a2200000 i 4500
001 ssj0001073682
003 WaSeSS
005 20200512172242.0
006 m d
007 cr n
008 131226u20uuuuuualua| p|s|||||| |0eng d
035 |a (WaSeSS)ssj0001073682 
040 |a WaSeSS  |b eng  |c WaSeSS  |d WaSeSS 
043 |a e-sz--- 
050 1 4 |a HF5382.75.S9 
245 0 0 |a Going global career guides.  |p Switzerland  |h [electronic resource]. 
260 |a Mobile, Alabama :  |b Going Global 
310 |a Annual 
506 |a License restrictions may limit access. 
588 |a Description based on: 2004; title from title screen (ProQuest, viewed Dec. 18, 2013). 
588 |a Latest issue consulted: 2006 (viewed Dec. 18, 2013). 
650 0 |a Job hunting  |z Switzerland  |v Periodicals. 
650 0 |a Employment interviewing  |z Switzerland  |v Periodicals. 
655 0 |a Electronic journals. 
856 4 0 |z Full text available from Research Library: 01/01/2004 to 01/31/2006  |u https://search.proquest.com/publication/42939